| 000 | 01148nam a2200301Ia 4500 | ||
|---|---|---|---|
| 003 | OSt | ||
| 005 | 20221007123410.0 | ||
| 006 | a|||||r|||| 00| 0 | ||
| 007 | ta | ||
| 008 | 221006b |||||||| |||| 00| 0 eng d | ||
| 020 |
_a8120318404 (pbk) _cRs.250.00 |
||
| 024 | _a11054 | ||
| 037 |
_bAshutosh, _cTextual |
||
| 040 |
_aPAPL _cPAPL _beng |
||
| 041 |
_2eng _aeng |
||
| 082 | _aD65, P0-;2 | ||
| 100 |
_aStreetman Ben G _9471349 |
||
| 245 | 0 |
_aSolid state electronic devices by Ben G Streetman and Sanjay Banerjee _b Banerjee Sanjay |
|
| 250 | _aEd 5 | ||
| 260 |
_aNew _bDelhi Prentice-Hall of India Private Limited _c2000 |
||
| 300 |
_axviii, 558p _ccm. |
||
| 500 | _a (Reprinted in 2003); ; Appendix I-IX, 519-541p; Index 543-558p; ^n23/CSL/CARPA/2003-2004/1001^d2003-11-10^mPurchase; ; 2003-04/500^b2003-11-20^cATB/131^d2003-11-10^eRs.6,111.00^fAshutosh Technical Books; ; 2003-12-25^bSB^c2003-12-25^dVinay | ||
| 650 |
_a Electronic _9717193 |
||
| 650 | _aEngineering | ||
| 700 | _a Banerjee Sanjay | ||
| 942 |
_hD65, P0-;2 _cTEXL _2CC |
||
| 999 |
_c1211826 _d1211826 |
||